EDAN & HOLLANDS MANUAL OF OBSTETRICS (Record no. 1183970)

MARC details
000 -LEADER
fixed length control field 00384nam a2200157Ia 4500
008 - FIXED-LENGTH DATA ELEMENTS--GENERAL INFORMATION
fixed length control field 240830s1957 xx 000 0 und d
041 ## - LANGUAGE CODE
Language code of text/sound track or separate title eng
082 ## - DEWEY DECIMAL CLASSIFICATION NUMBER
Classification number 1
100 ## - MAIN ENTRY--PERSONAL NAME
Personal name BEEWS
245 ## - TITLE STATEMENT
Title EDAN & HOLLANDS MANUAL OF OBSTETRICS
250 ## - EDITION STATEMENT
Edition statement 11
260 ## - PUBLICATION, DISTRIBUTION, ETC.
Place of publication, distribution, etc. AHMEDNAGAR
Name of publisher, distributor, etc. N.D.
Date of publication, distribution, etc. 1957
300 ## - PHYSICAL DESCRIPTION
Extent 100p
906 ## - LOCAL DATA ELEMENT F, LDF (RLIN)
a EDAN & HOLLANDS MANUAL OF OBSTETRICS

No items available.